| 000 | 01542nam2a22003011 4500 | ||
|---|---|---|---|
| 001 | rc\85785 | ||
| 005 | 20250620194110.0 | ||
| 021 |
_aRU _b96-1912 |
||
| 035 | _a(NLR Aleph) 005391373 | ||
| 090 |
_a7189860 _c7189860 |
||
| 100 | _a20021216d1995 |||y0rusy50 ca | ||
| 101 | 0 | _arus | |
| 102 | _aRU | ||
| 105 | _ay z||||||a| | ||
| 200 | 0 | _a[Т.] 6 | |
| 210 |
_d1995 _aБ. м. |
||
| 215 | _a383 с. | ||
| 327 | 1 | _aСодерж.: Времена негодяев : роман / В. Головачев. Рука Яши Мугера : повесть / В. Пьецух | |
| 461 | 0 |
_1001rc\85779 _12001#$aПодвиг$e[Сб.]$v[Т.] 6 _97189803 _cМосква _d1995 _nСельская молодежь _o[сборник] _tПодвиг _v[Т.] 6 |
|
| 464 | 0 |
_12001#$aВремена негодяев$eроман$fВ. Головачев _1700#1$aГоловачев$bВ. В.$cписатель, художник$f1948-$gВасилий Васильевич$3RU\NLR\AUTH\77906 _tВремена негодяев _aГоловачев, Василий Васильевич (писатель, художник ; 1948-) |
|
| 464 | 0 |
_12001#$aРука Яши Мугера$eповесть$fВ. Пьецух _1700#1$aПьецух$bВ. А.$f1946-$gВячеслав Алексеевич$3RU\NLR\AUTH\7734062 _tРука Яши Мугера _aПьецух, Вячеслав Алексеевич (1946-) |
|
| 686 | 1 | _aШ6(2=Р)75-446 | |
| 801 | 0 |
_aRU _bNLR _gpsbo |
|
| 801 | 1 |
_aRU _bELAR _2rusmarc |
|
| 852 |
_aNLR _j95-3/2425 |
||
| 942 | _cBOOK | ||
| 980 | _aNB | ||